00635 2200217 4500001002100000005001500021035002000036007000300056008004100059020002200100082000800122084001400130100002300144245009500167250000600262260004400268300004900312700002100361650001800382990001700400INLIS00000000000119020260508080827 a0010-1023000010ta260508 j 0 ind  a978-979-204-669-4 a611 a611 SAK k0 aSakamoto, Kunikazu1 aKuis ilmu pengetahuan alam 2 :bTubuh kita /cKunikazu Sakamoto ; editor, Tadashi Yokomaya a- aJakarta :bPT Elex Media Komputindo,c- a48 :bilus. ; gambar hitam putih ;c23 cme-0 aTadashi Yokomaya 4aTubuh Manusia a00114/K/2017